[Event "48th Continental Open"]
[Site "Sturbridge, MA"]
[Date "2018.08.17"]
[Round "3.13"]
[White "Tanenbaum, Zachary"]
[Black "Kang, Dorian"]
[Result "1/2-1/2"]
[WhiteElo "2133"]
[BlackElo "1853"]
[PlyCount "155"]
[EventDate "2018.08.??"]
[EventType "swiss"]
[EventRounds "9"]
[EventCountry "USA"]

1. e4 c5 2. Nf3 Nc6 3. d4 cxd4 4. Nxd4 Nf6 5. Nc3 e5 6. Ndb5 d6 7. Nd5 Nxd5 8.
exd5 Nb8 9. c4 Be7 10. Bd3 O-O 11. O-O f5 12. f3 a6 13. Nc3 Bg5 14. Bxg5 Qxg5
15. Qc1 Qxc1 16. Rfxc1 Nd7 17. b4 b6 18. Na4 a5 19. Rab1 axb4 20. Rxb4 Nc5 21.
Nxc5 bxc5 22. Rb6 Rd8 23. Ra1 Ra3 24. Rb3 Ra5 25. Rb8 g6 26. a4 Kf8 27. Rb5 Ra6
28. a5 Bd7 29. Rb7 Ke8 30. Rb3 Rda8 31. Rba3 Kd8 32. Kf2 Kc7 33. Ke3 Rb8 34.
Kd2 Rb4 35. Kc3 Ra7 36. Rb3 Rxb3+ 37. Kxb3 Kb7 38. Kc3 Ka6 39. Bc2 Rb7 40. Ra2
Rb4 41. Ra1 h6 42. Ra2 g5 43. Ra1 h5 44. g3 f4 45. Rg1 g4 46. gxf4 exf4 47. Bg6
gxf3 48. Bxh5 f2 49. Rf1 Rxc4+ 50. Kb2 Rd4 51. Rxf2 Rxd5 52. Bf3 Rd4 53. h4 Bf5
54. Be2+ Kxa5 55. Kc3 Ra4 56. h5 d5 57. h6 d4+ 58. Kb2 d3 59. Bd1 Rc4 60. Bb3
Rd4 61. Kc3 Bh7 62. Bc4 f3 63. Rd2 Kb6 64. Bxd3 f2 65. Bf1 Rh4 66. Rxf2 Rxh6
67. Rf3 Rd6 68. Bd3 Bxd3 69. Rxd3 Rh6 70. Rg3 Kb5 71. Rg4 Rh3+ 72. Kc2 c4 73.
Rg8 Kc5 74. Rc8+ Kd4 75. Rd8+ Ke3 76. Kc3 Rh4 77. Re8+ Kf3 78. Rc8 1/2-1/2

[Event "48th Continental Open"]
[Site "Sturbridge, MA"]
[Date "2018.08.17"]
[Round "3.14"]
[White "Luo, Terry"]
[Black "Tian, Eddy"]
[Result "1/2-1/2"]
[WhiteElo "1793"]
[BlackElo "2121"]
[PlyCount "73"]
[EventDate "2018.08.??"]
[EventType "swiss"]
[EventRounds "9"]
[EventCountry "USA"]

1. d4 d5 2. c4 e6 3. Nf3 Nf6 4. g3 Bb4+ 5. Bd2 Bd6 6. Nc3 O-O 7. Qc2 Nc6 8. e4
dxe4 9. Nxe4 Nxe4 10. Qxe4 e5 11. O-O-O Nxd4 12. Nxd4 exd4 13. Qxd4 c5 14. Qd3
Be5 15. Qxd8 Rxd8 16. Bg2 Bg4 17. f3 Be6 18. b3 Bd4 19. Rhe1 a5 20. Be3 Bxe3+
21. Rxe3 Rxd1+ 22. Kxd1 a4 23. Rd3 Kf8 24. f4 axb3 25. axb3 Ra1+ 26. Ke2 b6 27.
Be4 Bg4+ 28. Bf3 Ra2+ 29. Ke3 Be6 30. h4 Ke7 31. Be4 f5 32. Bd5 Rb2 33. Bxe6
Kxe6 34. Kf3 g6 35. Ke3 Ra2 36. Rd8 Rb2 37. Rd3 1/2-1/2

[Event "48th Continental Open"]
[Site "Sturbridge, MA"]
[Date "2018.08.17"]
[Round "3.15"]
[White "Bader, Jeremy"]
[Black "Torres, Yelfry"]
[Result "1/2-1/2"]
[WhiteElo "1845"]
[BlackElo "2120"]
[PlyCount "115"]
[EventDate "2018.08.??"]
[EventType "swiss"]
[EventRounds "9"]
[EventCountry "USA"]
[TimeControl "6000+10"]
[WhiteClock "0:02:17"]
[BlackClock "0:00:30"]

1. e4 {[%emt 0:00:10]} c5 2. Nf3 {[%emt 0:00:18]} Nc6 {[%emt 0:01:05]} 3. d4 {
[%emt 0:00:16]} cxd4 {[%emt 0:00:12]} 4. Nxd4 {[%emt 0:00:16]} Nf6 {[%emt 0:00:
21]} 5. Nc3 {[%emt 0:00:25]} d6 {[%emt 0:00:19]} 6. Bg5 {[%emt 0:02:12]} e6 {
[%emt 0:02:32]} 7. Qd2 {[%emt 0:05:02]} a6 {[%emt 0:11:44]} 8. f4 {[%emt 0:02:
09]} h6 {[%emt 0:07:45]} 9. Bh4 {[%emt 0:04:00]} Nxe4 {[%emt 0:00:51]} 10. Nxe4
{[%emt 0:18:55]} Qxh4+ {[%emt 0:00:11]} 11. g3 {[%emt 0:00:37]} Qd8 {[%emt 0:
10:49]} 12. O-O-O {[%emt 0:01:13]} Bd7 {[%emt 0:06:45]} 13. Bg2 {[%emt 0:03:33]
} d5 {[%emt 0:02:58]} 14. Nc3 {[%emt 0:06:43]} Be7 {[%emt 0:01:37]} 15. Nb3 {
[%emt 0:03:56]} Qc7 {[%emt 0:07:06]} 16. Rhe1 {[%emt 0:02:54]} O-O-O {[%emt 0:
01:46]} 17. Bxd5 {[%emt 0:14:17]} Nb4 {[%emt 0:15:27]} 18. Be4 {[%emt 0:02:49]}
Bf6 {[%emt 0:02:12]} 19. a3 {[%emt 0:13:48]} Bxc3 {[%emt 0:04:23]} 20. bxc3 {
[%emt 0:00:17]} Bc6 {[%emt 0:00:17]} 21. Nd4 {[%emt 0:03:42]} Bxe4 {[%emt 0:01:
08]} 22. axb4 {[%emt 0:03:10]} Bf3 {[%emt 0:00:40]} 23. Qe3 {[%emt 0:01:42]}
Bxd1 {[%emt 0:00:18]} 24. Rxd1 {[%emt 0:00:41]} Rhe8 {[%emt 0:00:56]} 25. Re1 {
[%emt 0:01:28]} Rd5 {[%emt 0:03:34]} 26. Kb2 {[%emt 0:02:19]} Kb8 {[%emt 0:02:
40]} 27. Qe4 {[%emt 0:01:16]} Rc8 {[%emt 0:01:23]} 28. Re3 {[%emt 0:00:12]} Qc4
{[%emt 0:00:11]} 29. Rd3 {[%emt 0:04:34]} g6 {[%emt 0:01:48]} 30. Qe3 {[%emt 0:
00:24]} a5 {[%emt 0:01:58]} 31. bxa5 {[%emt 0:01:15]} Rxa5 {[%emt 0:00:54]} 32.
Nb3 {[%emt 0:00:23]} Rd5 {[%emt 0:00:26]} 33. Rd4 {[%emt 0:00:00]} Rxd4 {
[%emt 0:00:51]} 34. Nxd4 {[%emt 0:00:00]} h5 {[%emt 0:00:56]} 35. Qe5+ {
[%emt 0:00:50]} Qc7 {[%emt 0:00:37]} 36. Qe3 {[%emt 0:00:00]} Qb6+ {[%emt 0:01:
19]} 37. Kc1 {[%emt 0:00:04]} Qa5 {[%emt 0:00:37]} 38. Kb2 {[%emt 0:00:00]} Qd5
{[%emt 0:02:15]} 39. Nb3 {[%emt 0:00:25]} Re8 {[%emt 0:00:53]} 40. Qb6 {
[%emt 0:00:20]} Qc6 {[%emt 0:00:30]} 41. Qb4 {[%emt 0:00:00]} Kc7 {[%emt 0:03:
23]} 42. Qd4 {[%emt 0:00:22]} b6 {[%emt 0:00:00]} 43. Qf6 {[%emt 0:00:00]} Qd7
{[%emt 0:00:00]} 44. Nd4 {[%emt 0:00:05]} Kb7 {[%emt 0:01:29]} 45. Qe5 {
[%emt 0:00:00]} Rc8 {[%emt 0:00:00]} 46. Nb3 {[%emt 0:00:31]} Ra8 {[%emt 0:00:
00]} 47. Qf6 {[%emt 0:00:00]} Ra4 {[%emt 0:00:00]} 48. Qe5 {[%emt 0:00:00]} Qe7
{[%emt 0:00:36]} 49. Qb5 {[%emt 0:00:05]} Qa3+ {[%emt 0:00:00]} 50. Kb1 {
[%emt 0:00:10]} Qa2+ {[%emt 0:00:00]} 51. Kc1 {[%emt 0:00:10]} Qa3+ {[%emt 0:
00:00]} 52. Kb1 {[%emt 0:00:13]} Kc7 {[%emt 0:00:00]} 53. Qe8 {[%emt 0:00:15]}
Re4 {[%emt 0:01:13]} 54. Qxf7+ {[%emt 0:00:25]} Kd8 {[%emt 0:00:00]} 55. Qg8+ {
[%emt 0:00:00]} Ke7 {[%emt 0:00:00]} 56. Qg7+ {[%emt 0:00:00]} Kd8 {[%emt 0:00:
00]} 57. Qg8+ {[%emt 0:00:00]} Ke7 {[%emt 0:00:15]} 58. Qg7+ {[%emt 0:00:00]}
1/2-1/2

[Event "48th Continental Open"]
[Site "Sturbridge, MA"]
[Date "2018.08.17"]
[Round "3.16"]
[White "Zhao, Jeffrey Renfei"]
[Black "Markzon, Gregory"]
[Result "0-1"]
[WhiteElo "1827"]
[BlackElo "2114"]
[PlyCount "70"]
[EventDate "2018.08.??"]
[EventType "swiss"]
[EventRounds "9"]
[EventCountry "USA"]

1. e4 c5 2. Nf3 d6 3. d4 cxd4 4. Nxd4 Nf6 5. Nc3 a6 6. Be3 e5 7. Nb3 Be6 8. Be2
Be7 9. O-O O-O 10. f4 exf4 11. Bxf4 Nc6 12. Kh1 Rc8 13. Qd2 b5 14. a3 Re8 15.
Rad1 Ne5 16. Nd4 Qc7 17. h3 Qb7 18. Qe3 Bf8 19. Nf3 Bc4 20. Bg5 Bxe2 21. Qxe2
Rxc3 22. Bxf6 Rxf3 23. gxf3 gxf6 24. Rg1+ Ng6 25. Qg2 Kh8 26. h4 Re5 27. Qg4 h5
28. Qh3 d5 29. exd5 Rxd5 30. Rde1 Rd4 31. Qf5 Rxh4+ 32. Kg2 Nf4+ 33. Kf2 Rh2+
34. Ke3 Nd5+ 35. Kd3 Qc6 0-1

[Event "48th Continental Open"]
[Site "Sturbridge, MA"]
[Date "2018.08.17"]
[Round "3.17"]
[White "Riddell, John"]
[Black "Tang, Jason"]
[Result "1/2-1/2"]
[WhiteElo "2103"]
[BlackElo "1908"]
[PlyCount "42"]
[EventDate "2018.08.??"]
[EventType "swiss"]
[EventRounds "9"]
[EventCountry "USA"]

1. e4 c5 2. Nf3 d6 3. d4 cxd4 4. Nxd4 Nf6 5. Nc3 g6 6. g3 Bg7 7. Bg2 O-O 8. O-O
Nbd7 9. h3 Nc5 10. Be3 a6 11. Qd2 Bd7 12. g4 Rc8 13. Nde2 Bc6 14. Ng3 b5 15. e5
dxe5 16. Qxd8 Rfxd8 17. Bxc5 Bxg2 18. Bxe7 Bxf1 19. Bxd8 Rxd8 20. Kxf1 Rd2 21.
g5 Nd7 1/2-1/2

[Event "48th Continental Open"]
[Site "Sturbridge, MA"]
[Date "2018.08.17"]
[Round "3.18"]
[White "Finnerman, David"]
[Black "Chen, Jacob"]
[Result "0-1"]
[WhiteElo "1735"]
[BlackElo "2084"]
[PlyCount "94"]
[EventDate "2018.08.??"]
[EventType "swiss"]
[EventRounds "9"]
[EventCountry "USA"]

1. c4 e5 2. g3 Nf6 3. Bg2 c6 4. d4 exd4 5. Qxd4 d5 6. Nc3 Be6 7. Nf3 h6 8. cxd5
cxd5 9. O-O Nc6 10. Qa4 Bc5 11. Bf4 O-O 12. Rac1 a6 13. Rfd1 Qb6 14. e3 Qxb2
15. Ne1 b5 16. Rc2 Qb4 17. Qb3 Qxb3 18. axb3 Nb4 19. Rcc1 Rac8 20. Be5 Rfe8 21.
Bd4 Bxd4 22. Rxd4 Nc6 23. Rd2 d4 24. Nxb5 axb5 25. Rxc6 dxe3 26. Rxc8 Rxc8 27.
fxe3 Bxb3 28. Rb2 Rc3 29. e4 Bc4 30. Bf3 Nxe4 31. Bxe4 Re3 32. Bc6 Rxe1+ 33.
Kf2 Re6 34. Bb7 Kf8 35. Kf3 Ke7 36. g4 Kd6 37. Kf2 Kc5 38. Bc8 Re7 39. Bf5 b4
40. h4 b3 41. Kf3 Kd4 42. g5 hxg5 43. hxg5 Kc3 44. Rb1 Re5 45. Rc1+ Kd2 46.
Rxc4 Rxf5+ 47. Kg4 Rb5 0-1

[Event "48th Continental Open"]
[Site "Sturbridge, MA"]
[Date "2018.08.17"]
[Round "3.19"]
[White "Riddell, John"]
[Black "Taylor, Steven"]
[Result "1/2-1/2"]
[WhiteElo "1716"]
[BlackElo "2081"]
[PlyCount "39"]
[EventDate "2018.08.??"]
[EventType "swiss"]
[EventRounds "9"]
[EventCountry "USA"]

1. e4 c5 2. Nf3 Nc6 3. Bb5 g6 4. O-O Bg7 5. c3 Qb6 6. Na3 Nf6 7. Re1 O-O 8. e5
Nd5 9. Bf1 d6 10. Nc4 Qc7 11. exd6 exd6 12. h3 Bf5 13. Ne3 Nxe3 14. dxe3 h6 15.
e4 Be6 16. Bf4 Ne5 17. Nxe5 dxe5 18. Be3 h5 19. Bd3 Rfd8 20. Qe2 1/2-1/2

[Event "48th Continental Open"]
[Site "Sturbridge, MA"]
[Date "2018.08.17"]
[Round "3.20"]
[White "Luo, Ryan"]
[Black "Poliannikov, Danila"]
[Result "0-1"]
[WhiteElo "1805"]
[BlackElo "1994"]
[PlyCount "92"]
[EventDate "2018.08.??"]
[EventType "swiss"]
[EventRounds "9"]
[EventCountry "USA"]
[TimeControl "6000+10"]
[WhiteClock "0:01:31"]
[BlackClock "0:11:51"]

1. d4 {[%emt 0:00:10]} Nf6 {[%emt 0:00:27]} 2. c4 {[%emt 0:00:11]} c5 {[%emt 0:
00:10]} 3. d5 {[%emt 0:00:10]} e6 {[%emt 0:00:10]} 4. Nc3 {[%emt 0:00:11]} exd5
{[%emt 0:00:10]} 5. cxd5 {[%emt 0:00:10]} d6 {[%emt 0:00:11]} 6. Nf3 {[%emt 0:
00:11]} g6 {[%emt 0:00:11]} 7. g3 {[%emt 0:00:11]} Bg7 {[%emt 0:00:44]} 8. Bg2
{[%emt 0:00:11]} O-O {[%emt 0:01:05]} 9. O-O {[%emt 0:00:11]} Re8 {[%emt 0:01:
01]} 10. Nd2 {[%emt 0:00:11]} b6 {[%emt 0:05:43]} 11. Re1 {[%emt 0:02:06]} Ba6
{[%emt 0:17:50]} 12. a4 {[%emt 0:00:11]} Nbd7 {[%emt 0:01:16]} 13. Qc2 {
[%emt 0:21:04]} Ne5 {[%emt 0:04:06]} 14. h3 {[%emt 0:08:30]} Nd3 {[%emt 0:00:
11]} 15. Rd1 {[%emt 0:13:38]} Nxc1 {[%emt 0:00:52]} 16. Raxc1 {[%emt 0:00:10]}
Bxe2 {[%emt 0:01:32]} 17. Nxe2 {[%emt 0:00:11]} Rxe2 {[%emt 0:00:13]} 18. Qd3 {
[%emt 0:03:26]} Re7 {[%emt 0:03:18]} 19. Nc4 {[%emt 0:02:45]} Nd7 {[%emt 0:06:
36]} 20. Qd2 {[%emt 0:03:16]} Ne5 {[%emt 0:04:37]} 21. Ne3 {[%emt 0:03:17]} Re8
{[%emt 0:01:28]} 22. Re1 {[%emt 0:05:39]} Qf6 {[%emt 0:00:10]} 23. f4 {[%emt 0:
05:10]} Nd7 {[%emt 0:00:10]} 24. Nc4 {[%emt 0:00:11]} a6 {[%emt 0:09:23]} 25.
Qc3 {[%emt 0:08:59]} Qd8 {[%emt 0:24:27]} 26. Rxe8+ {[%emt 0:04:34]} Qxe8 {
[%emt 0:00:10]} 27. Qb3 {[%emt 0:01:16]} Qe7 {[%emt 0:00:10]} 28. Kh2 {[%emt 0:
10:43]} Rb8 {[%emt 0:00:34]} 29. Qc2 {[%emt 0:02:06]} b5 {[%emt 0:00:48]} 30.
Na5 {[%emt 0:03:31]} Qe3 {[%emt 0:00:11]} 31. Nc6 {[%emt 0:01:58]} Re8 {
[%emt 0:00:10]} 32. axb5 {[%emt 0:00:00]} axb5 {[%emt 0:00:10]} 33. Ra1 {
[%emt 0:00:52]} Nf6 {[%emt 0:00:10]} 34. Ra3 {[%emt 0:00:00]} Qe1 {[%emt 0:00:
10]} 35. Qb3 {[%emt 0:00:00]} Qf2 {[%emt 0:00:10]} 36. Qf3 {[%emt 0:00:00]}
Qxb2 {[%emt 0:00:10]} 37. Ra7 {[%emt 0:00:07]} h5 {[%emt 0:00:11]} 38. f5 {
[%emt 0:00:32]} g5 {[%emt 0:00:10]} 39. Ne7+ {[%emt 0:00:00]} Kh7 {[%emt 0:00:
10]} 40. Qe3 {[%emt 0:00:00]} Bf8 {[%emt 0:02:02]} 41. g4 {[%emt 0:00:00]} Nxd5
{[%emt 0:02:46]} 42. Qxg5 {[%emt 0:00:00]} Qe5+ {[%emt 0:00:11]} 43. Kh1 {
[%emt 0:00:00]} Bxe7 {[%emt 0:00:11]} 44. Qxh5+ {[%emt 0:00:00]} Kg7 {[%emt 0:
01:03]} 45. g5 {[%emt 0:00:00]} Qxf5 {[%emt 0:00:10]} 46. Qh6+ {[%emt 0:00:10]}
Kg8 {[%emt 0:00:11]} 0-1

[Event "48th Continental Open"]
[Site "Sturbridge, MA"]
[Date "2018.08.17"]
[Round "3.21"]
[White "Lu, Jason"]
[Black "Fiedler, Brian"]
[Result "0-1"]
[WhiteElo "1826"]
[BlackElo "1978"]
[PlyCount "99"]
[EventDate "2018.08.??"]
[EventType "swiss"]
[EventRounds "9"]
[EventCountry "USA"]

1. d4 Nf6 2. c4 c5 3. d5 b5 4. cxb5 a6 5. bxa6 g6 6. Nc3 Bxa6 7. e4 Bxf1 8.
Kxf1 d6 9. Nge2 Bg7 10. h3 O-O 11. Kg1 Nbd7 12. Kh2 Qb6 13. Qc2 Rfb8 14. Rb1
Ne8 15. Bg5 Qd8 16. Rhd1 Nc7 17. a4 Na6 18. b3 Nb4 19. Qd2 Qf8 20. Nb5 Rb7 21.
Re1 Ne5 22. Nc1 h6 23. Be3 g5 24. f4 gxf4 25. Bxf4 Ng6 26. Bg3 f5 27. Rf1 f4
28. Kh1 Be5 29. Ne2 Rxb5 30. Bxf4 Nxf4 31. Nxf4 Qg7 32. axb5 Ra2 33. Qxa2 Nxa2
34. b6 Nb4 35. b7 Na6 36. Ra1 Bxa1 37. Ne6 Qc3 38. e5 Qxe5 39. Nd8 Bd4 40. Nc6
Qe3 41. Kh2 Be5+ 42. Kh1 Bf6 43. b4 cxb4 44. Nxb4 Nb8 45. Nc6 Qb6 46. Nxb8 Qxb7
47. Nc6 Qb3 48. Rf3 Qxd5 49. Rxf6 Qd1+ 50. Kh2 0-1

[Event "48th Continental Open"]
[Site "Sturbridge, MA"]
[Date "2018.08.17"]
[Round "3.22"]
[White "Cui, Cynthia"]
[Black "Slade, Theo"]
[Result "1/2-1/2"]
[WhiteElo "1798"]
[BlackElo "1960"]
[PlyCount "100"]
[EventDate "2018.08.??"]
[EventType "swiss"]
[EventRounds "9"]
[EventCountry "USA"]

1. c4 e6 2. Nc3 Nf6 3. e4 d5 4. e5 d4 5. exf6 dxc3 6. bxc3 Qxf6 7. d4 b6 8. Nf3
h6 9. g3 Bb7 10. Bg2 Bd6 11. O-O Nd7 12. Rb1 O-O 13. c5 Be7 14. Bf4 Bd5 15.
Bxc7 Rfc8 16. cxb6 axb6 17. Bxb6 Rxc3 18. Ne5 Nxb6 19. Rxb6 Bxg2 20. Kxg2 Rca3
21. Qb1 Rxa2 22. Rb8+ Rxb8 23. Qxb8+ Bf8 24. Nd7 Qe7 25. Nxf8 Qxf8 26. Qxf8+
Kxf8 27. Rd1 Ra5 28. h4 Ke7 29. Kf3 Kd6 30. Ke4 Ra2 31. Ke3 Ra3+ 32. Rd3 Rxd3+
33. Kxd3 Kd5 34. f3 g5 35. hxg5 hxg5 36. Ke3 f6 37. g4 f5 38. gxf5 exf5 39. Kd3
Kc6 40. Kc4 Kd6 41. d5 Ke5 42. Kc5 g4 43. fxg4 fxg4 44. d6 g3 45. d7 g2 46.
d8=Q g1=Q+ 47. Kb5 Qb1+ 48. Ka6 Qa2+ 49. Qa5+ Qd5 50. Qxd5+ Kxd5 1/2-1/2

[Event "48th Continental Open"]
[Site "Sturbridge, MA"]
[Date "2018.08.17"]
[Round "3.24"]
[White "Padmanabhan, Karthik"]
[Black "Tanaka, Tyler"]
[Result "1-0"]
[WhiteElo "1879"]
[BlackElo "2007"]
[PlyCount "133"]
[EventDate "2018.08.??"]
[EventType "swiss"]
[EventRounds "9"]
[EventCountry "USA"]

1. e4 c5 2. d4 cxd4 3. c3 d3 4. Bxd3 Nc6 5. c4 g6 6. Nc3 Bg7 7. Nf3 d6 8. h3
Nf6 9. O-O O-O 10. Be3 Nd7 11. Rc1 Nc5 12. Be2 Bxc3 13. Rxc3 Nxe4 14. Rc1 e5
15. Nd2 Nc5 16. Nb3 b6 17. Qd2 Qe7 18. Bg5 Qe6 19. Rfd1 Nxb3 20. axb3 Nd4 21.
Rc3 Bb7 22. Rd3 d5 23. Bf3 Nxf3+ 24. Rxf3 e4 25. Rf6 Qe5 26. cxd5 h6 27. Bh4 g5
28. Rxh6 gxh4 29. Rxh4 Bc8 30. Qh6 Qg7 31. Qf4 f5 32. Rc1 Bd7 33. Rc3 Rf6 34.
Rg3 Rg6 35. Rxg6 Qxg6 36. Rh6 Qg7 37. Rh5 Be8 38. Rg5 Bg6 39. h4 Rf8 40. h5 Rf6
41. hxg6 Rxg6 42. Qb8+ Kh7 43. Qh2+ Kg8 44. Rxg6 Qxg6 45. Qb8+ Kg7 46. Qxa7+
Qf7 47. Qxf7+ Kxf7 48. Kh2 Kf6 49. Kg3 Ke5 50. d6 Kxd6 51. Kf4 Ke6 52. g4 fxg4
53. Kxe4 Kd6 54. Kf4 Kc5 55. Kxg4 Kb4 56. f4 Kxb3 57. f5 Kxb2 58. f6 b5 59. f7
b4 60. f8=Q b3 61. Kf3 Kc2 62. Qc5+ Kd3 63. Qb4 Kc2 64. Qc4+ Kb2 65. Ke2 Ka3
66. Qa6+ Kb4 67. Qa1 1-0

[Event "48th Continental Open"]
[Site "Sturbridge, MA"]
[Date "2018.08.17"]
[Round "3.25"]
[White "Genger, Eitan"]
[Black "Chin, Jonathan"]
[Result "1-0"]
[WhiteElo "1903"]
[BlackElo "1810"]
[PlyCount "71"]
[EventDate "2018.08.??"]
[EventType "swiss"]
[EventRounds "9"]
[EventCountry "USA"]

1. Nf3 Nf6 2. c4 g6 3. d4 Bg7 4. Nc3 O-O 5. Bg5 d6 6. e3 h6 7. Bh4 g5 8. Bg3
Nh5 9. Bd3 Bg4 10. h4 Nxg3 11. fxg3 f5 12. hxg5 hxg5 13. Qb3 Qc8 14. c5+ e6 15.
Nxg5 d5 16. Nxd5 Nc6 17. Nf4 Na5 18. Qxe6+ Qxe6 19. Ngxe6 Rf7 20. Kf2 Re8 21.
b4 Nc6 22. b5 Na5 23. Rae1 Rfe7 24. Nxg7 Kxg7 25. Rh4 c6 26. b6 axb6 27. cxb6
c5 28. dxc5 Nc6 29. Bb5 Ra8 30. a4 Ne5 31. Reh1 Rf7 32. Rh7+ Kf6 33. R1h6+ Ke7
34. Re6+ Kf8 35. Rh8+ Kg7 36. Rxa8 1-0

[Event "48th Continental Open"]
[Site "Sturbridge, MA"]
[Date "2018.08.17"]
[Round "4.1"]
[White "Barbosa, Oliver"]
[Black "Vorontsov, Pavlo"]
[Result "1-0"]
[WhiteElo "2545"]
[BlackElo "2578"]
[PlyCount "99"]
[EventDate "2018.08.??"]
[EventType "swiss"]
[EventRounds "9"]
[EventCountry "USA"]

1. d4 Nf6 2. c4 e6 3. Nf3 d5 4. Nc3 a6 5. Bg5 dxc4 6. a4 Bb4 7. e3 h6 8. Bh4 b6
9. Bxc4 Bb7 10. O-O g5 11. Bg3 Bxc3 12. bxc3 Ne4 13. Ne5 h5 14. f3 Nxg3 15.
hxg3 Nd7 16. Nd3 h4 17. g4 h3 18. g3 h2+ 19. Kg2 Nf6 20. Ne5 Nd7 21. Nd3 Qf6
22. e4 Qh6 23. Nf2 O-O-O 24. Qe2 a5 25. Ba6 f5 26. Bxb7+ Kxb7 27. c4 fxg4 28.
Nxg4 Qh3+ 29. Kh1 Qxg3 30. c5 Nb8 31. d5 exd5 32. exd5 Rxd5 33. cxb6 c6 34. Nf6
Qe5 35. Qxe5 Rxe5 36. Rab1 Rd8 37. Rf2 Rf8 38. Rxh2 Rf7 39. Ne4 Rd5 40. Rh6
Rfd7 41. Kg2 Na6 42. Rc1 c5 43. Kg3 Rd4 44. Rg6 Rb4 45. Nd6+ Kxb6 46. Nc4+ Ka7
47. Ne5 Rc7 48. Nc6+ Rxc6 49. Rxc6 Rxa4 50. Re1 1-0

[Event "48th Continental Open"]
[Site "Sturbridge, MA"]
[Date "2018.08.17"]
[Round "4.2"]
[White "Corrales Jimenez, Fidel"]
[Black "Gorovets, Andrey"]
[Result "0-1"]
[WhiteElo "2542"]
[BlackElo "2495"]
[PlyCount "98"]
[EventDate "2018.08.??"]
[EventType "swiss"]
[EventRounds "9"]
[EventCountry "USA"]

1. e4 e6 2. d4 d5 3. Nc3 Bb4 4. e5 Ne7 5. Nge2 c5 6. a3 Bxc3+ 7. Nxc3 cxd4 8.
Nb5 O-O 9. Bd3 Nbc6 10. Qh5 Nf5 11. Bg5 f6 12. exf6 gxf6 13. g4 fxg5 14. gxf5
exf5 15. O-O-O Kh8 16. Rhg1 Rg8 17. h4 a6 18. hxg5 axb5 19. g6 Rg7 20. gxh7
Rxh7 21. Qg6 Ne5 22. Qg3 Nf7 23. Rde1 Bd7 24. Kb1 Qf6 25. Rh1 Rg8 26. Qc7 Bc6
27. Rxh7+ Kxh7 28. Rh1+ Kg7 29. Rh5 Qe5 30. Qb6 Nh6 31. Qc5 Re8 32. Ka2 Qf6 33.
Qb6 Kg6 34. Rh1 Qe5 35. Bxb5 Re6 36. Rg1+ Kh7 37. Bd3 Rg6 38. Rh1 Kg7 39. Qd8
Qd6 40. Qh4 Qe5 41. Qd8 Nf7 42. Qb6 Qf6 43. f4 Nd6 44. b4 Be8 45. Re1 Bf7 46.
Qc7 Ne4 47. Qxb7 Qh4 48. Rf1 Nd2 49. Re1 Qxe1 0-1

[Event "48th Continental Open"]
[Site "Sturbridge, MA"]
[Date "2018.08.17"]
[Round "4.3"]
[White "Kim, Yoon-Young"]
[Black "Matsenko, Sergei"]
[Result "0-1"]
[WhiteElo "2360"]
[BlackElo "2533"]
[PlyCount "46"]
[EventDate "2018.08.??"]
[EventType "swiss"]
[EventRounds "9"]
[EventCountry "USA"]

1. d4 Nf6 2. c4 e6 3. g3 d5 4. Nf3 dxc4 5. Bg2 a6 6. O-O Nc6 7. e3 Rb8 8. Nfd2
e5 9. Bxc6+ bxc6 10. dxe5 Ng4 11. Nxc4 Be6 12. Nbd2 Bb4 13. Qc2 h5 14. b3 h4
15. Nf3 hxg3 16. fxg3 Bc5 17. Kh1 Qd7 18. Bd2 Bd5 19. e4 Qf5 20. h4 Bxe4 21.
Qd1 Rd8 22. Qe2 Rxh4+ 23. gxh4 Nf2+ 0-1

[Event "48th Continental Open"]
[Site "Sturbridge, MA"]
[Date "2018.08.17"]
[Round "4.4"]
[White "Baryshpolets, Andrey"]
[Black "Graif, William"]
[Result "1-0"]
[WhiteElo "2609"]
[BlackElo "2123"]
[PlyCount "83"]
[EventDate "2018.08.??"]
[EventType "swiss"]
[EventRounds "9"]
[EventCountry "USA"]

1. d4 Nf6 2. c4 e6 3. Nf3 d5 4. Nc3 a6 5. cxd5 exd5 6. Bg5 Be6 7. e3 Nbd7 8. h3
Bd6 9. Bd3 O-O 10. Qc2 h6 11. Bf4 Qe7 12. O-O Rfe8 13. Rfe1 c6 14. a3 a5 15.
Ne5 Rac8 16. Bh2 b5 17. f4 Nb6 18. Rac1 Bd7 19. Bg3 b4 20. axb4 axb4 21. Na4
Nxa4 22. Qxa4 Ne4 23. Bxe4 dxe4 24. Nxd7 Qxd7 25. d5 Qf5 26. dxc6 Rc7 27. Red1
Bc5 28. Bf2 Bf8 29. Rc4 Rec8 30. Rdc1 Qe6 31. Qb5 f5 32. b3 Kh8 33. Be1 Be7 34.
Bxb4 Bxb4 35. Qxb4 Rxc6 36. Rxc6 Rxc6 37. Rxc6 Qxc6 38. Qf8+ Kh7 39. Qxf5+ Kh8
40. Kh2 Qc2 41. b4 Qd3 42. Qc5 1-0